Искусственный интеллект; Информационные технологии в науке, управлении, социальной сфере и медицине; Ч. 2

Podrobná bibliografie
Parent link:Информационные технологии в науке, управлении, социальной сфере и медицине: сборник научных трудов Международной конференции с международным участием , 29 апреля - 2 мая 2014 г., Томск/ Национальный исследовательский Томский политехнический университет (ТПУ).— , 2014
Ч. 2.— 2014.— [С. 342-344]
Hlavní autor: Шмелева Р. М.
Korporativní autor: Национальный исследовательский Томский политехнический университет (ТПУ) Институт социально-гуманитарных технологий (ИСГТ) Кафедра менеджмента (МЕН)
Další autoři: Иванкина Л. И. Любовь Ивановна
Shrnutí:Заглавие с титульного экрана
The article highlights two types of artificial intelligence engine, which is the job performance of the strict and artificial, based on the simulation of the internal structure of the automated system, the corresponding model of the brain; presented a different understanding of the opportunities and challenges of the industry knowledge.
Jazyk:ruština
Vydáno: 2014
Edice:Информационные технологии в государственном управлении и социальной сфере
Témata:
On-line přístup:http://www.lib.tpu.ru/fulltext/c/2014/C24/V2/132.pdf
Médium: MixedMaterials Elektronický zdroj Kapitola
KOHA link:https://koha.lib.tpu.ru/cgi-bin/koha/opac-detail.pl?biblionumber=608181

MARC

LEADER 00000naa2a2200000 4500
001 608181
005 20260318092649.0
035 |a (RuTPU)RU\TPU\conf\5611 
035 |a RU\TPU\conf\5609 
090 |a 608181 
100 |a 20140919d2014 k y0rusy50 ca 
101 0 |a rus 
102 |a RU 
135 |a drgn ---uucaa 
181 0 |a i  
182 0 |a b 
200 1 |a Искусственный интеллект  |d Artificial intelligence  |f Р. М. Шмелева, Л. И. Иванкина 
203 |a Текст  |c электронный 
225 1 |a Информационные технологии в государственном управлении и социальной сфере 
300 |a Заглавие с титульного экрана 
330 |a The article highlights two types of artificial intelligence engine, which is the job performance of the strict and artificial, based on the simulation of the internal structure of the automated system, the corresponding model of the brain; presented a different understanding of the opportunities and challenges of the industry knowledge. 
337 |a Adobe Reader 
461 1 |0 (RuTPU)RU\TPU\conf\4263  |t Информационные технологии в науке, управлении, социальной сфере и медицине  |o сборник научных трудов Международной конференции с международным участием , 29 апреля - 2 мая 2014 г., Томск  |o в 2 ч.  |f Национальный исследовательский Томский политехнический университет (ТПУ)   |d 2014 
463 1 |0 (RuTPU)RU\TPU\conf\4265  |t Ч. 2  |v [С. 342-344]  |d 2014 
510 1 |a Artificial intelligence  |z eng 
610 1 |a труды учёных ТПУ 
610 1 |a электронные ресурсы 
610 1 |a искусственный интеллект 
610 1 |a автоматизированные системы 
610 1 |a компьютерные системы 
610 1 |a интеллектуальные системы 
610 1 |a инженерия знаний 
700 1 |a Шмелева  |b Р. М. 
701 1 |a Иванкина  |b Л. И.  |c специалист в области философии, социологии и психологии образования  |c профессор Томского политехнического университета, доктор философских наук  |f 1956-  |g Любовь Ивановна  |3 (RuTPU)RU\TPU\pers\25426 
712 0 2 |a Национальный исследовательский Томский политехнический университет (ТПУ)  |b Институт социально-гуманитарных технологий (ИСГТ)  |b Кафедра менеджмента (МЕН)  |3 (RuTPU)RU\TPU\col\18855 
801 2 |a RU  |b 63413507  |c 20140919  |g RCR 
856 4 |u http://www.lib.tpu.ru/fulltext/c/2014/C24/V2/132.pdf 
942 |c BK